[Event "GER-chT Federal Cup (Women)"]
[Site "Braunfels"]
[Date "2009.06.05"]
[Round "3"]
[White "Zoellner, Ev Gislain"]
[Black "Neldner, Uta"]
[Result "1/2-1/2"]
[WhiteElo "2005"]
[BlackElo "1803"]
[PlyCount "77"]
[EventDate "2009.06.04"]
[EventType "team-swiss"]
[EventRounds "5"]
[EventCountry "GER"]
[SourceTitle "CBM 130 Extra"]
[Source "ChessBase"]
[SourceDate "2009.07.02"]
[SourceVersion "2"]
[SourceVersionDate "2009.07.15"]
[SourceQuality "1"]

1. e4 c5 2. Nf3 Nc6 3. c3 d5 4. exd5 Qxd5 5. d4 cxd4 6. cxd4 e5 7. dxe5 Qxd1+ 8. Kxd1 Bf5 9. Bc4 0-0-0+ 10. Bd2 Bc5 11. Ke2 Bg4 12. Bc3 Bd4 13. Rd1 Nh6 14. Bb5 Bxc3 15. Nxc3 Nd4+ 16. Kf1 Nxf3 17. gxf3 Bxf3 18. Be2 Bxe2+ 19. Kxe2 Rhe8 20. Rxd8+ Kxd8 21. Rd1+ Ke7 22. f4 f6 23. Nd5+ Kf7 24. Nc7 Re7 25. e6+ Kg6 26. Rd7 Ng8 27. Kf3 f5 28. h3 Kf6 29. Nd5+ Kxe6 30. Nxe7 Kxd7 31. Nxf5 g6 32. Nd4 Nf6 33. Nb5 a5 34. Nc3 Kc6 35. Ne4 Nd5 36. Ng5 Nf6 37. Ne4 Nd5 38. Ng5 Nf6 39. Ne4 1/2-1/2

[Event "GER-chT U20 Girls"]
[Site "Stuttgart"]
[Date "2007.12.30"]
[Round "7.3"]
[White "Neldner, Uta"]
[Black "Pantusenko, Valeria"]
[Result "1-0"]
[WhiteElo "1790"]
[BlackElo "1348"]
[PlyCount "31"]
[EventDate "2007.12.27"]
[EventType "team-swiss"]
[EventRounds "7"]
[EventCountry "GER"]
[SourceTitle "EXT 2009"]
[Source "ChessBase"]
[SourceDate "2008.11.26"]
[SourceVersion "1"]
[SourceVersionDate "2008.11.26"]
[SourceQuality "1"]
[WhiteTeam "Koenig Tegel U20 Girls"]
[BlackTeam "Leipzig Gohlis U20 Girls"]
[WhiteTeamCountry "GER"]
[BlackTeamCountry "GER"]

1. e4 e5 2. Nc3 Nf6 3. g3 d5 4. exd5 Nxd5 5. Bg2 Be6 6. Qe2 Nc6 7. Nf3 Bd6 8. d3 h6 9. 0-0 Qd7 10. Bd2 g5 11. d4 f6 12. dxe5 fxe5 13. Nxd5 Bxd5 14. Bc3 Bxf3 15. Bxf3 0-0-0 16. Bg4 1-0

[Event "GER-chT U20 Girls"]
[Site "Stuttgart"]
[Date "2007.12.29"]
[Round "5.3"]
[White "Neldner, Uta"]
[Black "Breitwieser, Jasmin"]
[Result "0-1"]
[WhiteElo "1790"]
[BlackElo "1424"]
[PlyCount "100"]
[EventDate "2007.12.27"]
[EventType "team-swiss"]
[EventRounds "7"]
[EventCountry "GER"]
[SourceTitle "EXT 2009"]
[Source "ChessBase"]
[SourceDate "2008.11.26"]
[SourceVersion "1"]
[SourceVersionDate "2008.11.26"]
[SourceQuality "1"]
[WhiteTeam "Koenig Tegel U20 Girls"]
[BlackTeam "Rossdorf SC Ladja U20 Girls"]
[WhiteTeamCountry "GER"]
[BlackTeamCountry "GER"]

1. d4 Nf6 2. e3 d5 3. Bd3 e6 4. f4 c5 5. c3 Nc6 6. Nf3 Be7 7. Nbd2 a6 8. Ne5 Qc7 9. 0-0 0-0 10. Qf3 b5 11. Qh3 b4 12. g4 g6 13. Ndf3 Ne4 14. Bd2 Rb8 15. cxb4 Nxd2 16. Nxd2 Nxb4 17. Rf3 Nxd3 18. Qh6 Bd6 19. Nxd3 cxd4 20. exd4 f6 21. Rc1 Qg7 22. Qxg7+ Kxg7 23. Rc6 Rd8 24. Nb3 Bd7 25. Rb6 Bc8 26. Rxb8 Bxb8 27. Ndc5 Kf7 28. Kf2 Ke7 29. Rh3 Rh8 30. Nd3 h5 31. g5 fxg5 32. fxg5 Rf8+ 33. Rf3 Rxf3+ 34. Kxf3 Bxh2 35. Nf4 Kf7 36. Nc5 e5 37. Nxd5 exd4 38. Ke4 Bg1 39. Nc7 Bf5+ 40. Kf3 d3 41. Nb3 h4 42. Nd2 h3 43. Nd5 h2 44. Kg2 Bd7 45. Nc4 Kg7 46. Ncb6 Bc6 47. b4 d2 48. a4 d1Q 49. b5 Bxd5+ 50. Nxd5 Qxd5+ 0-1

[Event "GER-chT U20 Girls"]
[Site "Stuttgart"]
[Date "2007.12.27"]
[Round "1.3"]
[White "Krause Molle, Zarella Eva"]
[Black "Neldner, Uta"]
[Result "0-1"]
[WhiteElo "1451"]
[BlackElo "1790"]
[PlyCount "62"]
[EventDate "2007.12.27"]
[EventType "team-swiss"]
[EventRounds "7"]
[EventCountry "GER"]
[SourceTitle "EXT 2009"]
[Source "ChessBase"]
[SourceDate "2008.11.26"]
[SourceVersion "1"]
[SourceVersionDate "2008.11.26"]
[SourceQuality "1"]
[WhiteTeam "Porz SG U20 Girls"]
[BlackTeam "Koenig Tegel U20 Girls"]
[WhiteTeamCountry "GER"]
[BlackTeamCountry "GER"]

1. e4 c5 2. Nf3 Nc6 3. d4 cxd4 4. Nxd4 Nf6 5. Nc3 e5 6. Nf3 Bb4 7. Bd2 d5 8. Bb5 Bg4 9. h3 Bxf3 10. Qxf3 Nxe4 11. 0-0-0 Nxc3 12. Bxc3 Bxc3 13. Qxc3 0-0 14. Bxc6 Qg5+ 15. Kb1 d4 16. Qf3 bxc6 17. Qxc6 Rfc8 18. Qe4 Qe7 19. Rhe1 Qc5 20. f4 f6 21. fxe5 fxe5 22. Qf5 Re8 23. Rd3 Rac8 24. Rb3 Rf8 25. Qe4 Rf4 26. Qe2 e4 27. g3 d3 28. cxd3 Rf2 29. Qd1 e3 30. Rc3 Rxb2+ 31. Kxb2 Qxc3+ 0-1

[Event "Blankenburg op-A 14th"]
[Site "Blankenburg"]
[Date "2006.09.30"]
[Round "3"]
[White "Neldner, Uta"]
[Black "Boettcher, Dietmar"]
[Result "0-1"]
[WhiteElo "1849"]
[BlackElo "1846"]
[PlyCount "80"]
[EventDate "2006.09.29"]
[EventType "swiss"]
[EventRounds "7"]
[EventCountry "GER"]
[SourceTitle "EXT 2015"]
[Source "ChessBase"]
[SourceDate "2014.11.20"]
[SourceVersion "1"]
[SourceVersionDate "2014.11.20"]
[SourceQuality "1"]

1. d4 g6 2. e3 Bg7 3. Bd3 d6 4. Nf3 Nf6 5. 0-0 0-0 6. c3 Nbd7 7. e4 e5 8. Re1 c6 9. Bg5 h6 10. Bd2 Qc7 11. Qc1 Kh7 12. Na3 Nh5 13. h3 Nhf6 14. Nc4 b5 15. Ne3 Nh5 16. Nf1 Nhf6 17. Bc2 Nb6 18. Qd1 Nc4 19. Bc1 Nh5 20. b3 Nb6 21. g4 Nf4 22. Bxf4 exf4 23. e5 c5 24. exd6 Qxd6 25. Ne5 cxd4 26. cxd4 Bb7 27. Qd2 Nd5 28. Be4 Kg8 29. f3 Bxe5 30. dxe5 Qxe5 31. Bxg6 Ne3 32. Be4 Rad8 33. Qf2 Bxe4 34. fxe4 Rd3 35. Rac1 Qxe4 36. Nxe3 fxe3 37. Qe2 Rd2 38. Qf1 Rf2 39. Qxf2 exf2+ 40. Kxf2 Qf4+ 0-1

[Event "Blankenburg op-A 14th"]
[Site "Blankenburg"]
[Date "2006.09.29"]
[Round "1"]
[White "Michael, Dirk"]
[Black "Neldner, Uta"]
[Result "1-0"]
[WhiteElo "2110"]
[BlackElo "1849"]
[PlyCount "117"]
[EventDate "2006.09.29"]
[EventType "swiss"]
[EventRounds "7"]
[EventCountry "GER"]
[SourceTitle "EXT 2015"]
[Source "ChessBase"]
[SourceDate "2014.11.20"]
[SourceVersion "1"]
[SourceVersionDate "2014.11.20"]
[SourceQuality "1"]

1. c4 f5 2. Nf3 Nf6 3. g3 e6 4. b3 d5 5. Bg2 c6 6. 0-0 Bd6 7. Ba3 0-0 8. d4 f4 9. gxf4 Bxa3 10. Nxa3 Qd6 11. Qc1 Nh5 12. e3 Nd7 13. Nc2 Ndf6 14. Ne5 Qe7 15. Ne1 g6 16. N1d3 Ng7 17. f3 Nfh5 18. a3 Kh8 19. Ra2 Nf5 20. Bh3 Bd7 21. e4 Nxd4 22. Qa1 Nxf4 23. Nxf4 Qg5+ 24. Ng4 e5 25. Ng2 Rxf3 26. Nxe5 Qxe5 27. Bxd7 Raf8 28. Rxf3 Nxf3+ 29. Kh1 Qxa1+ 30. Rxa1 Ne5 31. Bh3 dxe4 32. Ne3 Rf3 33. Ng4 Rxh3 34. Nxe5 Rxb3 35. Kg2 Kg7 36. Kf2 Kf6 37. Ng4+ Kf5 38. Ne3+ Kf4 39. Ng2+ Kf5 40. Ne3+ Kf4 41. Ng2+ Kf5 42. Ne1 Rh3 43. c5 Rxh2+ 44. Ng2 Rh3 45. Rb1 Rxa3 46. Rxb7 h5 47. Ne3+ Ke6 48. Rc7 Ra6 49. Rg7 Kf6 50. Rd7 h4 51. Nc4 Ra2+ 52. Ke3 Rc2 53. Nd2 Kf5 54. Nxe4 Rc1 55. Rf7+ Kg4 56. Nf2+ Kh5 57. Rxa7 Rxc5 58. Rh7+ Kg5 59. Ne4+ 1-0

[Event "GER-chT Federal Cup (Women)"]
[Site "Braunfels"]
[Date "2006.05.05"]
[Round "3"]
[White "Neldner, Uta"]
[Black "Pralle, Katharina"]
[Result "1-0"]
[WhiteElo "1765"]
[BlackElo "1764"]
[PlyCount "67"]
[EventDate "2006.05.04"]
[EventType "team-swiss"]
[EventRounds "5"]
[EventCountry "GER"]
[SourceTitle "EXT 2010"]
[Source "ChessBase"]
[SourceDate "2010.11.25"]
[SourceVersion "1"]
[SourceVersionDate "2010.11.25"]
[SourceQuality "1"]

1. d4 d5 2. e3 Nf6 3. f4 Bf5 4. Nf3 Nbd7 5. Be2 e6 6. 0-0 Be7 7. Ne5 h6 8. Nd2 c6 9. c3 Qc7 10. Ndf3 Ne4 11. Bd2 f6 12. Nd3 g5 13. Nf2 0-0-0 14. c4 Rdg8 15. b4 gxf4 16. exf4 Bd6 17. Nxe4 Bxe4 18. Nh4 Nf8 19. c5 Qg7 20. Bf3 Be7 21. f5 exf5 22. Qe2 Kd7 23. b5 Ne6 24. bxc6+ Kxc6 25. Bxe4 fxe4 26. Nf5 Qh7 27. Rab1 Rb8 28. Qb5+ Kc7 29. Ba5+ Kc8 30. c6 b6 31. Qxd5 Nf8 32. c7 Rb7 33. Rfc1 Rg8 34. Qxb7+ 1-0

[Event "GER-chT U20 Girls"]
[Site "Naunhof"]
[Date "2005.12.29"]
[Round "5.3"]
[White "Koeditz, Katja"]
[Black "Neldner, Uta"]
[Result "1/2-1/2"]
[WhiteElo "1704"]
[BlackElo "1738"]
[PlyCount "82"]
[EventDate "2005.12.27"]
[EventType "team-swiss"]
[EventRounds "7"]
[EventCountry "GER"]
[SourceTitle "CBM 110 Extra"]
[Source "ChessBase"]
[SourceDate "2006.03.10"]
[SourceVersion "2"]
[SourceVersionDate "2006.03.10"]
[SourceQuality "1"]

1. d4 d5 2. Nf3 e6 3. e3 f5 4. Bd3 Nf6 5. Nbd2 Bd6 6. c3 0-0 7. 0-0 Ne4 8. Ne1 Qh4 9. f4 Bd7 10. Ndf3 Qh6 11. Ne5 Be8 12. Be2 Nd7 13. Rf3 Kh8 14. Rh3 Qf6 15. N1d3 g5 16. Bh5 Bxe5 17. Bxe8 Raxe8 18. fxe5 Qg6 19. Rf3 Rf7 20. Bd2 Qh6 21. Rh3 Qg6 22. Rf3 Rg8 23. Qe2 Qh5 24. Re1 Nf8 25. Rff1 Qh6 26. Nf2 Nxf2 27. Qxf2 Ng6 28. e4 c6 29. exf5 Rxf5 30. Qg3 Nf4 31. Rf3 Rgf8 32. Qg4 Qg6 33. Bxf4 Rxf4 34. Rxf4 Rxf4 35. Qe2 Re4 36. Qf2 Rxe1+ 37. Qxe1 Qc2 38. Qf2 Qc1+ 39. Qf1 Qxf1+ 40. Kxf1 Kg7 41. g4 Kf7 1/2-1/2

[Event "GER-chT U20 Girls"]
[Site "Naunhof"]
[Date "2005.12.28"]
[Round "3.3"]
[White "Tunc, Helin"]
[Black "Neldner, Uta"]
[Result "0-1"]
[WhiteElo "1384"]
[BlackElo "1738"]
[PlyCount "129"]
[EventDate "2005.12.27"]
[EventType "team-swiss"]
[EventRounds "7"]
[EventCountry "GER"]
[SourceTitle "CBM 110 Extra"]
[Source "ChessBase"]
[SourceDate "2006.03.10"]
[SourceVersion "2"]
[SourceVersionDate "2006.03.10"]
[SourceQuality "1"]

1. d4 d5 2. c4 e6 3. cxd5 exd5 4. Nc3 f5 5. Nf3 Nf6 6. Bg5 c6 7. e3 Bd6 8. Bd3 0-0 9. Qc2 Qd7 10. 0-0 Ne4 11. Rab1 Nxg5 12. Nxg5 Qe8 13. b4 Qh5 14. Nf3 Nd7 15. b5 Nf6 16. bxc6 bxc6 17. Na4 Bd7 18. Nc5 Qe8 19. Nxd7 Qxd7 20. Bxf5 Qe8 21. Rb7 Ne4 22. Bd7 Qh5 23. Qxc6 Rxf3 24. h3 Rf6 25. Bg4 Qxg4 26. hxg4 Bh2+ 27. Kxh2 Rxc6 28. f3 Ng5 29. Re7 Rc2 30. Kg3 Rxa2 31. e4 dxe4 32. f4 Ra3+ 33. Kh4 Nf7 34. Rc1 e3 35. Rcc7 Rf8 36. Kh5 g6+ 37. Kh4 a5 38. f5 gxf5 39. gxf5 Kg7 40. g4 h6 41. d5 Rd3 42. Rc5 a4 43. Rc6 e2 44. Rxe2 Rxd5 45. Rg6+ Kh7 46. Re7 Rd1 47. Rf6 Kg7 48. Rg6+ Kh8 49. Rf6 a3 50. Ra7 a2 51. Rxa2 Rd7 52. Re2 Rg8 53. Re4 Ra7 54. Rd4 Kh7 55. Re4 Ng5 56. Rc4 Ra3 57. Rc7+ Rg7 58. Rxg7+ Kxg7 59. Rg6+ Kh7 60. Rxg5 hxg5+ 61. Kxg5 Rf3 62. Kh5 Rg3 63. Kg5 Rf3 64. Kh4 Rf4 65. Kh3 0-1

[Event "GER-chT U20 Girls"]
[Site "Naunhof"]
[Date "2005.12.27"]
[Round "1.3"]
[White "Lauhoff, Mira"]
[Black "Neldner, Uta"]
[Result "0-1"]
[WhiteElo "1333"]
[BlackElo "1738"]
[PlyCount "50"]
[EventDate "2005.12.27"]
[EventType "team-swiss"]
[EventRounds "7"]
[EventCountry "GER"]
[SourceTitle "CBM 110 Extra"]
[Source "ChessBase"]
[SourceDate "2006.03.10"]
[SourceVersion "2"]
[SourceVersionDate "2006.03.10"]
[SourceQuality "1"]

1. e4 c5 2. Nf3 Nc6 3. d4 cxd4 4. Nxd4 Nf6 5. Nc3 e5 6. Ndb5 d6 7. Bg5 a6 8. Bxf6 gxf6 9. Na3 b5 10. Nd5 f5 11. exf5 Bxf5 12. c3 Bg7 13. Nc2 0-0 14. Nce3 Bg6 15. a4 bxa4 16. Qxa4 Ne7 17. Qa5 Nxd5 18. Nxd5 Qg5 19. Ne3 f5 20. h4 Qe7 21. Bc4+ Kh8 22. Qd5 f4 23. Nf1 e4 24. Qxd6 Qb7 25. Ra2 Bf7 0-1

[Event "GER-ch U25"]
[Site "Willingen"]
[Date "2005.05.21"]
[Round "9"]
[White "Kamrla, Robin"]
[Black "Neldner, Uta"]
[Result "0-1"]
[WhiteElo "1465"]
[BlackElo "1830"]
[PlyCount "64"]
[EventDate "2005.05.14"]
[EventType "swiss"]
[EventRounds "9"]
[EventCountry "GER"]
[SourceTitle "CBM 106 Extra"]
[Source "ChessBase"]
[SourceDate "2005.07.01"]
[SourceVersion "1"]
[SourceVersionDate "2005.07.01"]
[SourceQuality "1"]

1. e4 c5 2. Nf3 Nc6 3. d4 cxd4 4. Nxd4 Nf6 5. Nc3 e5 6. Ndb5 d6 7. Bg5 a6 8. Na3 b5 9. Nd5 Be7 10. Bxf6 Bxf6 11. c3 Bg5 12. Nc2 0-0 13. Nce3 Rb8 14. a4 bxa4 15. Rxa4 Rxb2 16. Bxa6 Bd7 17. Nc4 Rb8 18. Nxd6 Na5 19. Ra1 Nb3 20. Rb1 Nc5 21. h4 Ba4 22. Rxb8 Qxb8 23. Qa1 Qxd6 24. hxg5 Qxa6 25. Ne7+ Kh8 26. g6 fxg6 27. f3 Qd6 28. Nd5 Bc6 29. c4 Ra8 30. Qd1 Ba4 31. Qd2 Bb3 32. Qb2 Nd3+ 0-1

[Event "GER-ch U25"]
[Site "Willingen"]
[Date "2005.05.15"]
[Round "3"]
[White "Rafiee, Makan"]
[Black "Neldner, Uta"]
[Result "1-0"]
[WhiteElo "1992"]
[BlackElo "1830"]
[PlyCount "61"]
[EventDate "2005.05.14"]
[EventType "swiss"]
[EventRounds "9"]
[EventCountry "GER"]
[SourceTitle "CBM 106 Extra"]
[Source "ChessBase"]
[SourceDate "2005.07.01"]
[SourceVersion "1"]
[SourceVersionDate "2005.07.01"]
[SourceQuality "1"]

1. e4 c5 2. Nf3 Nc6 3. d4 cxd4 4. Nxd4 Nf6 5. Nc3 e5 6. Ndb5 d6 7. Bg5 a6 8. Na3 b5 9. Nd5 Be7 10. Bxf6 Bxf6 11. c3 Bg5 12. Nc2 0-0 13. a4 Rb8 14. axb5 axb5 15. Bd3 Be6 16. Ncb4 Nxb4 17. Nxb4 Qd7 18. 0-0 f5 19. exf5 Bxf5 20. Bxf5 Rxf5 21. Qd5+ Kh8 22. Ra6 Rbf8 23. Nd3 Be7 24. Rfa1 Qc8 25. Rb6 h6 26. Ra7 Qd8 27. Rbb7 R8f7 28. h3 Qf8 29. Rd7 e4 30. Qxe4 Bh4 31. Qxh4 1-0

[Event "Halle-chT (Women)"]
[Site "Halle"]
[Date "2005.04.15"]
[Round "2.7"]
[White "Koeditz, Katja"]
[Black "Neldner, Uta"]
[Result "0-1"]
[WhiteElo "1770"]
[BlackElo "1745"]
[PlyCount "86"]
[EventDate "2005.04.14"]
[EventType "team"]
[EventRounds "5"]
[EventCountry "GER"]
[SourceTitle "CBM 105 Extra"]
[Source "ChessBase"]
[SourceDate "2005.05.01"]
[SourceVersion "1"]
[SourceVersionDate "2005.05.01"]
[SourceQuality "1"]

1. d4 d5 2. Nf3 e6 3. e3 f5 4. Nbd2 Nf6 5. Ne5 c6 6. Be2 Bd6 7. Ndf3 0-0 8. h3 Ne4 9. Bd2 Nd7 10. Nd3 Bc7 11. Bb4 Rf6 12. Nfe5 Nxe5 13. Nxe5 Bxe5 14. dxe5 Rg6 15. Bf3 Qb6 16. Ba3 c5 17. 0-0 Qc7 18. Bxe4 fxe4 19. f4 b6 20. b3 Qe7 21. Qe2 Qh4 22. Kh1 Bd7 23. Bb2 Bc6 24. Qf2 Qe7 25. c3 Rf8 26. Rg1 Rh6 27. Qg3 Rf5 28. Rgf1 Bb5 29. Rf2 Rg6 30. Qh2 Qh4 31. g4 Rf8 32. Rg2 Rh6 33. Rg3 Be2 34. g5 Rg6 35. Re1 Bf3+ 36. Kg1 h6 37. Rf1 hxg5 38. a4 Qh6 39. fxg5 Rxg5 40. Rf2 Rff5 41. Kf1 Rxg3 42. Qxg3 Qxe3 43. Qh4 Rg5 0-1

[Event "Halle-chT (Women)"]
[Site "Halle"]
[Date "2005.04.15"]
[Round "3.7"]
[White "Neldner, Uta"]
[Black "Kube, Hannelore"]
[Result "1/2-1/2"]
[WhiteElo "1745"]
[BlackElo "1998"]
[PlyCount "33"]
[EventDate "2005.04.14"]
[EventType "team"]
[EventRounds "5"]
[EventCountry "GER"]
[SourceTitle "CBM 105 Extra"]
[Source "ChessBase"]
[SourceDate "2005.05.01"]
[SourceVersion "1"]
[SourceVersionDate "2005.05.01"]
[SourceQuality "1"]

1. d4 f5 2. e3 Nf6 3. Bd3 e6 4. Nf3 Be7 5. 0-0 0-0 6. Nbd2 d5 7. c3 Qe8 8. Ne5 Nbd7 9. f4 c5 10. Qe1 Nxe5 11. fxe5 Ne4 12. Nxe4 fxe4 13. Rxf8+ Qxf8 14. Be2 Bd7 15. Bd2 Bg5 16. Qg3 Bh6 17. Rf1 1/2-1/2

[Event "GER-chT U20 Girls"]
[Site "Pori"]
[Date "2004.12.30"]
[Round "7.3"]
[White "Lehner, Marianne"]
[Black "Neldner, Uta"]
[Result "0-1"]
[WhiteElo "1378"]
[BlackElo "1707"]
[PlyCount "100"]
[EventDate "2004.12.27"]
[EventType "team"]
[EventRounds "7"]
[EventCountry "GER"]
[SourceTitle "EXT 2006"]
[Source "ChessBase"]
[SourceDate "2005.11.24"]
[SourceVersion "1"]
[SourceVersionDate "2005.11.24"]
[SourceQuality "1"]

1. e4 c5 2. Bc4 e5 3. Nf3 Nc6 4. d3 Be7 5. Be3 d6 6. h3 Nf6 7. a3 d5 8. exd5 Nxd5 9. Nc3 Nxc3 10. bxc3 0-0 11. 0-0 Qc7 12. Re1 b6 13. Rb1 Bb7 14. Bd5 Bf6 15. Bd2 Rad8 16. c4 h6 17. Bc3 Rfe8 18. Nd2 Nd4 19. Bxb7 Qxb7 20. Ne4 Qc6 21. Rc1 Be7 22. Qh5 Bf6 23. Bd2 Qe6 24. Kf1 Nf5 25. g4 Nd6 26. g5 Nxe4 27. Rxe4 Bxg5 28. Bxg5 hxg5 29. Rg4 f6 30. h4 Qf7 31. Qxf7+ Kxf7 32. hxg5 f5 33. Rg2 Kg6 34. Ke2 f4 35. f3 Rf8 36. Rf1 Rf5 37. Kf2 Rxg5 38. Rxg5+ Kxg5 39. Rg1+ Kf6 40. Kg2 Rh8 41. Re1 g5 42. Rh1 Rxh1 43. Kxh1 g4 44. Kg2 g3 45. a4 Ke6 46. Kf1 Kd6 47. Kg2 Kc7 48. Kg1 Kb7 49. Kg2 Ka6 50. Kh3 Ka5 0-1

[Event "GER-chT U20 Girls"]
[Site "Pori"]
[Date "2004.12.29"]
[Round "5.3"]
[White "Leinenbach, Janine"]
[Black "Neldner, Uta"]
[Result "0-1"]
[WhiteElo "1504"]
[BlackElo "1707"]
[PlyCount "50"]
[EventDate "2004.12.27"]
[EventType "team"]
[EventRounds "7"]
[EventCountry "GER"]
[SourceTitle "EXT 2006"]
[Source "ChessBase"]
[SourceDate "2005.11.24"]
[SourceVersion "1"]
[SourceVersionDate "2005.11.24"]
[SourceQuality "1"]

1. c4 e5 2. Nc3 Nc6 3. g3 g6 4. Bg2 Bg7 5. e3 Nf6 6. Nge2 0-0 7. 0-0 d6 8. d4 Bg4 9. d5 Ne7 10. b3 Qd7 11. Bb2 Bh3 12. Qd3 Bxg2 13. Kxg2 Rae8 14. e4 Nh5 15. f3 f5 16. a4 a5 17. Rad1 Kh8 18. Bc1 Ng8 19. exf5 gxf5 20. h3 Ne7 21. Rh1 Ng6 22. h4 e4 23. fxe4 fxe4 24. Nxe4 Qg4 25. N2c3 Ngf4+ 0-1

[Event "GER-ch U16 Girls"]
[Site "Willingen"]
[Date "2004.06.03"]
[Round "8"]
[White "Neldner, Uta"]
[Black "Reiske, Anne"]
[Result "1-0"]
[WhiteElo "1683"]
[BlackElo "1842"]
[PlyCount "129"]
[EventDate "2004.06.??"]
[EventType "swiss"]
[EventRounds "9"]
[EventCountry "GER"]
[SourceTitle "EXT 2005"]
[Source "ChessBase"]
[SourceDate "2004.11.15"]
[SourceVersion "1"]
[SourceVersionDate "2004.11.15"]
[SourceQuality "1"]

1. e4 e5 2. Nf3 Nf6 3. Nc3 Bb4 4. Nxe5 Qe7 5. Nd3 Bxc3 6. dxc3 Qxe4+ 7. Be2 0-0 8. Be3 d6 9. Bf3 Qf5 10. 0-0 Nc6 11. c4 Ne5 12. Nxe5 dxe5 13. b3 c6 14. h3 Qg6 15. Kh1 Bf5 16. Rc1 Rfd8 17. Qe1 Bxc2 18. Qb4 Bd3 19. Rfe1 e4 20. Bd1 Rd7 21. a4 h5 22. Qc5 a6 23. Bd4 h4 24. Be3 Re8 25. Bg5 Rde7 26. Bxh4 Qh6 27. Bg5 Qg6 28. Be3 Nd7 29. Qb4 Ne5 30. Bc5 Re6 31. Be3 R6e7 32. Bc5 Rd7 33. Qc3 f6 34. Qd2 Bxc4 35. Qc3 Rd3 36. Qb4 Bf7 37. Bc2 Rd7 38. Bxe4 Qh5 39. Bc2 Bd5 40. Re3 Be6 41. Rce1 Bd5 42. f4 Red8 43. fxe5 Bxg2+ 44. Kxg2 Rd2+ 45. Kh1 Rxc2 46. Bd6 fxe5 47. Qe4 Rd2 48. Bxe5 Rd1 49. Qg4 Rxe1+ 50. Rxe1 Qf7 51. Qc4 Rd5 52. Rf1 Qe6 53. Bg3 Qxh3+ 54. Bh2 Qe6 55. Qf4 Qe2 56. Qf3 Qc2 57. Rf2 Rd1+ 58. Kg2 Qg6+ 59. Bg3 Rd8 60. Qf5 Qd6 61. Bxd6 Ra8 62. Qf7+ Kh7 63. Kg3 Kh6 64. Bf4+ Kh7 65. Rh2# 1-0

[Event "GER-ch U16 Girls"]
[Site "Willingen"]
[Date "2004.05.31"]
[Round "4"]
[White "Neldner, Uta"]
[Black "Dauer, Christina"]
[Result "1/2-1/2"]
[WhiteElo "1683"]
[BlackElo "1563"]
[PlyCount "48"]
[EventDate "2004.06.??"]
[EventType "swiss"]
[EventRounds "9"]
[EventCountry "GER"]
[SourceTitle "EXT 2005"]
[Source "ChessBase"]
[SourceDate "2004.11.15"]
[SourceVersion "1"]
[SourceVersionDate "2004.11.15"]
[SourceQuality "1"]

1. e4 e6 2. d4 d5 3. Nc3 dxe4 4. Nxe4 Nd7 5. Nf3 Ngf6 6. Bd3 c5 7. 0-0 Be7 8. Qe2 0-0 9. dxc5 Nxc5 10. Nxc5 Bxc5 11. Bg5 Be7 12. Rad1 Qa5 13. a3 Rd8 14. Rd2 Bd7 15. Rfd1 Bc6 16. Bh4 Rac8 17. Ne5 Be4 18. Nc4 Bxd3 19. Rxd3 Qc7 20. Ne3 h6 21. Bg3 Qb6 22. Nc4 Qc5 23. Ne3 Qb6 24. Nc4 Qc5 1/2-1/2

[Event "GER-chT U20 Girls"]
[Site "Ditzingen"]
[Date "2003.12.29"]
[Round "5.3"]
[White "Sdunzik, Jennifer"]
[Black "Neldner, Uta"]
[Result "1-0"]
[WhiteElo "1693"]
[BlackElo "1702"]
[PlyCount "121"]
[EventDate "2003.12.27"]
[EventType "team-swiss"]
[EventRounds "7"]
[EventCountry "GER"]
[SourceTitle "EXT 2022"]
[Source "ChessBase"]
[SourceDate "2021.10.06"]
[SourceVersion "1"]
[SourceVersionDate "2021.10.06"]
[SourceQuality "1"]
[WhiteTeam "Ruedersdorf Glueckauf U20 Girls"]
[BlackTeam "Koenig Tegel U20 Girls"]
[WhiteTeamCountry "GER"]
[BlackTeamCountry "GER"]

1. Nc3 d5 2. e4 dxe4 3. Nxe4 Bf5 4. Ng3 Bg6 5. h4 h6 6. h5 Bh7 7. d4 e6 8. Nf3 Nd7 9. Bc4 Bd6 10. Qe2 Nb6 11. Bb3 Qe7 12. Bd2 c6 13. 0-0-0 0-0-0 14. Ne5 Kb8 15. Rhe1 Nd5 16. Qf3 Ngf6 17. Re2 Rhe8 18. Rde1 Qc7 19. a4 Re7 20. Bc4 Bb4 21. Bd3 Bxd2+ 22. Rxd2 Bxd3 23. Nxd3 Qa5 24. Nc5 Nd7 25. Nge4 N7b6 26. Qb3 Nf4 27. g4 Rxd4 28. Qe3 e5 29. Rxd4 Nbd5 30. Rxd5 cxd5 31. Qc3 Qb6 32. a5 Qc6 33. Nd2 d4 34. Qb4 Rc7 35. Nde4 Nd5 36. Qc4 Kc8 37. Qa4 Qxa4 38. Nxa4 d3 39. c3 f6 40. Kd2 Kd7 41. Kxd3 Kc6 42. Ra1 Nf4+ 43. Ke3 Kd5 44. b3 Ke6 45. Nac5+ Ke7 46. Rd1 b6 47. axb6 axb6 48. Na4 Rc6 49. c4 Ne6 50. Nac3 Nd4 51. Nd5+ Ke6 52. Nf4+ exf4+ 53. Kxd4 Rc7 54. Re1 Rd7+ 55. Kc3 Rc7 56. Ng3+ Kf7 57. Nf5 g6 58. Nd6+ Kf8 59. hxg6 Rd7 60. Nf5 b5 61. g7+ 1-0

[Event "GER-chT U20 Girls"]
[Site "Ditzingen"]
[Date "2003.12.28"]
[Round "4.3"]
[White "Warnick, Anita"]
[Black "Neldner, Uta"]
[Result "0-1"]
[WhiteElo "883"]
[BlackElo "1702"]
[PlyCount "64"]
[EventDate "2003.12.27"]
[EventType "team-swiss"]
[EventRounds "7"]
[EventCountry "GER"]
[SourceTitle "EXT 2022"]
[Source "ChessBase"]
[SourceDate "2021.10.06"]
[SourceVersion "1"]
[SourceVersionDate "2021.10.06"]
[SourceQuality "1"]
[WhiteTeam "Delitzsch ESV U20 Girls"]
[BlackTeam "Koenig Tegel U20 Girls"]
[WhiteTeamCountry "GER"]
[BlackTeamCountry "GER"]

1. e4 c5 2. Nc3 Nc6 3. Bc4 Nf6 4. Nf3 d6 5. Nd5 e6 6. Nxf6+ Qxf6 7. 0-0 Be7 8. d3 h6 9. Bd2 0-0 10. Bc3 e5 11. h3 Qg6 12. Kh2 Be6 13. Bxe6 fxe6 14. a3 a5 15. Qd2 Qh5 16. b4 axb4 17. axb4 Rxa1 18. Rxa1 Nd4 19. Bxd4 exd4 20. b5 Bf6 21. Qa5 d5 22. exd5 Qxd5 23. Qc7 Bd8 24. Qb8 Bh4 25. Qc7 Bxf2 26. Ra7 Be3 27. Rxb7 Bf4+ 28. Qxf4 Rxf4 29. Rb8+ Kh7 30. b6 Rxf3 31. gxf3 Qd6+ 32. Kg2 Qxb8 0-1